The singularities of London, 1578 = Les Singularitez de Londres, noble, fameuse Cité, capital du Royaume d'Angleterre : ses antiquitez et premiers fondateurs /

Saved in:
Bibliographic Details
Main Author: Luis, de Granada, 1504-1588.
Corporate Author: Biblioteca apostolica vaticana.
Other Authors: Keene, Derek, (Editor), Archer, Ian W., (Editor), Pauncefort, Emma, (Editor), Saunders, Ann (Historian), (Editor)
Format: Book
Language:English
French
Published: London : London Topographical Society, 2014.
©2014.
Series:Publication (London Topographical Society) ; no. 175.
Subjects:
Tags: Add Tag
No Tags, Be the first to tag this record!
LEADER 02709cam a2200505Li 4500
001 014153473-7
005 20141208093306.0
008 140730t20142014enkabh b 001 0 eng
020 |a 9780902087620 
020 |a 0902087622 
035 0 |a ocn884887588 
040 |a Nz  |b eng  |e rda  |c UZ0  |d OCLCO  |d OCLCQ 
041 1 |a eng  |h fre 
043 |a e-uk-en 
050 1 4 |a DA679  |b .L85 2014 
100 0 |a Luis,  |c de Granada,  |d 1504-1588. 
240 1 0 |a Singularitez de Londres, noble, fameuse Cité capital du Royaume d'Angleterre.  |l English & French 
245 1 4 |a The singularities of London, 1578 = Les Singularitez de Londres, noble, fameuse Cité, capital du Royaume d'Angleterre :  |b ses antiquitez et premiers fondateurs /  |c by L. Grenade, (Biblioteca Apostolica Vaticana, MS Reg. lat. 672) ; edited by Derek Keene and Ian W. Archer ; with the assistance of Emma Pauncefort and Ann Saunders. 
264 1 |a London :  |b London Topographical Society,  |c 2014. 
264 1 |c ©2014. 
300 |a viii, 288 pages :  |b illustrations, facsimiles, maps ;  |c 26 cm. 
336 |a text  |b txt  |2 rdacontent 
336 |a cartographic image  |b cri  |2 rdacontent 
337 |a unmediated  |b n  |2 rdamedia 
338 |a volume  |b nc  |2 rdacarrier 
490 1 |a Publication / London Topographical Society ;  |v no. 175 
500 |a Orginal French manuscript is held as Manuscript Reg. lat 672 in the Biblioteca Apostolica Vaticana. 
504 |a Includes bibliographical references and index. 
546 |a Text in English and French; Introduction and notes in English. 
546 |a Translation of the manuscript: Les Singularitez de Londres, nobles, fameuse Cité capital du Royaume d'Angleterre : ses antiquitez et premiers fondateurs. 
505 0 |a Introduction -- The manuscript and its provenance -- The Granados: The identity of the author and his family -- Genre and the author's sense of space -- A possible model for 'Les singularitez de Londres' -- The distinctiveness of the text -- Motives: The position of the stranger in Elizabethan London. 
651 0 |a London (England)  |x Description and travel. 
651 0 |a London (England)  |v Maps  |v Early works to 1800. 
610 2 0 |a Biblioteca apostolica vaticana.  |k Manuscript.  |n Reg. lat. 672. 
655 7 |a Early works.  |2 fast 
655 7 |a Maps.  |2 fast 
700 1 |a Keene, Derek,  |e editor. 
700 1 |a Archer, Ian W.,  |e editor. 
700 1 |a Pauncefort, Emma,  |e editor. 
700 1 |a Saunders, Ann  |c (Historian),  |e editor. 
710 2 |a London Topographical Society,  |e issuing body. 
710 2 |i Contained in  |a Biblioteca apostolica vaticana.  |k Manuscript.  |n Reg. lat. 672. 
830 0 |a Publication (London Topographical Society) ;  |v no. 175. 
988 |a 20140905 
906 |0 OCLC